000 00557nam a2200193Ia 4500
003 OSt
005 20230330161751.0
008 210423s2008 xx 000 0 und d
020 _a9788174466303
040 _cAL
082 _a658.403 SELR
100 _aSELVARAJ (R);LOGANATHAN (C).
_980479
245 _aQuantitative methods in management: problems and solutions.
260 _aNew Delhi
_bExcel Books
_c2008
300 _aix,443
_bPB
365 _b275
_cINR
906 _amanagement ; methods ; problems ; Quantitative ; solutions
942 _2ddc
_cBK
999 _c157647
_d157647